000 00296nam a22001337a 4500
999 _c12823
_d12823
020 _a9789332540248
082 _a794.815
100 _aAdams Ernest
245 _aFundamentals of Game Design
250 _a3rd
260 _aIndia
_bDorling Kindersley
_c2014
300 _a560 pages
942 _cBK